El superhombre y el cosmos /

Kaydedildi:
Detaylı Bibliyografya
Diğer Yazarlar: Radim (introducción) (introducción)
Materyal Türü: Kitap
Dil:İspanyolca
Baskı/Yayın Bilgisi: México : Centro de Investigación de Conocimientos Extraterrestres, fecha no identificada
Etiketler: Etiketle
Etiket eklenmemiş, İlk siz ekleyin!

MARC

LEADER 00000nam^a2200000^a^4500
001 000580297
005 20250521000000.0
009 20260310132546.467
037 |a Acervo ITESO - Biblioteca 
041 |a ESP 
091 |a FLG. 00809 
245 0 3 |a El superhombre y el cosmos / 
264 1 |a México :  |b Centro de Investigación de Conocimientos Extraterrestres,  |c fecha no identificada 
300 |a 85 p. 
336 |a texto  |b txt  |2 rdacontenido 
337 |a sin mediación  |b n  |2 rdamedio 
338 |a volumen  |b nc  |2 rdasoporte 
649 |a XX 
700 |a Radim  |e (introducción) 
910 |a Fondo Luis González de Alba 
920 |a Impresos - Libros 
930 |a Fondos Especiales 
905 |a 141 
901 |a 0500398689  |b IT2  |c ESP  |i D101587  |u 20250521 
902 |a https://opac.biblio.iteso.mx/vufind/Record/000580297